Only one God? : (Record no. 7462)
[ view plain ]
| 000 -LEADER | |
|---|---|
| fixed length control field | 00915nam a2200253 4500 |
| 008 - FIXED-LENGTH DATA ELEMENTS--GENERAL INFORMATION | |
| fixed length control field | 020430s2001 she 1 engta |
| 020 ## - INTERNATIONAL STANDARD BOOK NUMBER | |
| International Standard Book Number | 1841271993 |
| 090 ## - LOCALLY ASSIGNED LC-TYPE CALL NUMBER (OCLC); LOCAL CALL NUMBER (OCLC) | |
| Classification number (OCLC) (R) ; Classification number, CALL (RLIN) (NR) | BL221 |
| Local cutter number (OCLC) ; Book number/undivided call number, CALL (RLIN) | B38o |
| 100 1# - MAIN ENTRY--PERSONAL NAME | |
| Personal name | Becking, Bob |
| 245 10 - TITLE STATEMENT | |
| Title | Only one God? : |
| Remainder of title | monotheism in ancient Israel and the veneration of the goddess Asherah / |
| Statement of responsibility, etc | Bob Becking, Meindert Dijkstra, Marjo C. A. Korpel and Karel J. H. Vriezen. |
| 260 ## - PUBLICATION, DISTRIBUTION, ETC. (IMPRINT) | |
| Place of publication, distribution, etc | Sheffield : |
| Name of publisher, distributor, etc | Sheffield Academic Press, |
| Date of publication, distribution, etc | c2001. |
| 300 ## - PHYSICAL DESCRIPTION | |
| Extent | 231 p. : |
| Other physical details | ills., maps |
| 490 1# - SERIES STATEMENT | |
| Series statement | The biblical seminar; |
| Volume number/sequential designation | 77 |
| 504 ## - BIBLIOGRAPHY, ETC. NOTE | |
| Bibliography, etc | Biblio: pp. 201-222 / Includes index |
| 650 #4 - SUBJECT ADDED ENTRY--TOPICAL TERM | |
| Topical term or geographic name as entry element | Asherah (Semitic deity). |
| 650 #4 - SUBJECT ADDED ENTRY--TOPICAL TERM | |
| Topical term or geographic name as entry element | Judaism |
| General subdivision | History |
| Chronological subdivision | To 70 A.D. |
| 650 #4 - SUBJECT ADDED ENTRY--TOPICAL TERM | |
| Topical term or geographic name as entry element | Monotheism. |
| 951 ## - EQUIVALENCE OR CROSS-REFERENCE-GEOGRAPHIC NAME/AREA NAME [OBSOLETE] [CAN/MARC only] | |
| General subdivision | 00027851 |
| 700 1# - ADDED ENTRY--PERSONAL NAME | |
| Personal name | Dijkstra, Meindert |
| 700 1# - ADDED ENTRY--PERSONAL NAME | |
| Personal name | Korpel, Marjo C. A. |
| 700 1# - ADDED ENTRY--PERSONAL NAME | |
| Personal name | Vriezen, Karel J. H. |
| 951 ## - EQUIVALENCE OR CROSS-REFERENCE-GEOGRAPHIC NAME/AREA NAME [OBSOLETE] [CAN/MARC only] | |
| -- | 24909 |
| -- | BL221/B38o |
| -- | 070613111101265 |
| -- | 2000-12-21 |
| -- | GC |
| 942 00 - ADDED ENTRY ELEMENTS (KOHA) | |
| Koha issues (borrowed), all copies | 1 |
| Withdrawn status | Lost status | Damaged status | Not for loan | Home library | Current library | Shelving location | Date acquired | Accession number | Shelving control number | Total Checkouts | Total Renewals | Full call number | Barcode | Checked out | Date last seen | Date last borrowed | Price effective from | Koha item type |
|---|---|---|---|---|---|---|---|---|---|---|---|---|---|---|---|---|---|---|
| BSOP Library | BSOP Library | GC | 12/21/2000 | 24909 | 127 | 1 | 2 | BL221/B38o | 00027851 | 11/21/2020 | 11/27/2019 | 11/27/2019 | 02/23/2013 | Books |
